| 000 | 00836nam a2200253Ia 4500 | ||
|---|---|---|---|
| 001 | 16650 | ||
| 003 | GE_BSU | ||
| 008 | 181216s||||||||xx |||||||||||||| ||und|| | ||
| 020 | _aISBN 9781416403777 | ||
| 040 | _cGE_BSU | ||
| 100 | _aFiedler, Craig R. with Denise Clark. | ||
| 245 | _aMaking a difference | ||
| 245 | _badvocacy competencies for special education professionals | ||
| 250 | _a2nd ed. | ||
| 260 | _aAustin, Texas | ||
| 260 | _bPRO-ED, Inc. Publisher | ||
| 260 | _c2009 | ||
| 300 | _axii, 561 p, ill, 23 cm. | ||
| 541 | _h141gel. | ||
| 653 | _aChildren with disabilities--Education--United States. Children with disabilities--Services for--United States. Special education--Law and legislation--United States. | ||
| 653 | _aგანათლება | ||
| 653 | _aპედაგოგიკა | ||
| 942 | _cBK | ||
| 999 |
_c49716 _d49716 |
||